| 000 | 00410nam a2200145Ia 4500 | ||
|---|---|---|---|
| 008 | 210430s9999 xx 000 0 und d | ||
| 020 | _a9780750665384 | ||
| 082 | _a660 C853 C | ||
| 100 | _aR.K.Sinnott | ||
| 245 |
_aCoulson & Richardson,s Chemical Engineering Design Vol 6 / _cR.K.Sinnott |
||
| 250 | _a4th edition | ||
| 260 |
_aOxford _bButterworth-Heinemann _c1999 |
||
| 300 | _a1038p. | ||
| 942 |
_cBK _2ddc |
||
| 999 |
_c564283 _d564283 |
||